00189nam a2200073Ia 4500008004100000245002000041260004500061260000900106170620s9999 xx 000 0 und d 0aValue Education bNew Delhi- A.P.H. Publishing corporation c2004